Tutte le Province confinanti più estese - Statistics

Statistiche generali
  • Questo quiz è stato fatto 15 volte
    3 dall'ultimo reset
  • Il punteggio medio è 31 su 105
Statistiche sulle risposte
Provincia Provincia confinante più estesa % Corretto
Modena Bologna
100%
Cosenza Potenza
100%
Pavia Alessandria
50%
Brindisi Bari
50%
Treviso Belluno
50%
Monza e Brianza Bergamo
50%
Ravenna Bologna
50%
Ferrara Bologna
50%
Trento Bolzano
50%
Sondrio Bolzano
50%
Bergamo Brescia
50%
Siracusa Catania
50%
Reggio Calabria Catanzaro
50%
Crotone Cosenza
50%
Catanzaro Cosenza
50%
Torino Cuneo
50%
Imperia Cuneo
50%
Forlì-Cesena Firenze
50%
Campobasso Foggia
50%
Barletta-Andria-Trani Foggia
50%
Caserta Frosinone
50%
Livorno Grosseto
50%
Roma L'Aquila
50%
Teramo L'Aquila
50%
Chieti L'Aquila
50%
Fermo Macerata
50%
Catania Messina
50%
Palermo Messina
50%
Sassari Nuoro
50%
Messina Palermo
50%
La Spezia Parma
50%
Massa-Carrara Parma
50%
Novara Pavia
50%
Milano Pavia
50%
Arezzo Perugia
50%
Terni Perugia
50%
Parma Piacenza
50%
Foggia Potenza
50%
Salerno Potenza
50%
Vibo Valentia Reggio Calabria
50%
L'Aquila Roma
50%
Frosinone Roma
50%
Napoli Salerno
50%
Oristano Sassari
50%
Nuoro Sassari
50%
Como Sondrio
50%
Lecce Taranto
50%
Cuneo Torino
50%
Vercelli Torino
50%
Alessandria Torino
50%
Biella Torino
50%
Valle d'Aosta Torino
50%
Bolzano Trento
50%
Vicenza Trento
50%
Brescia Trento
50%
Belluno Trento
50%
Venezia Udine
50%
Pordenone Udine
50%
Varese Verbano-Cusio-Ossola
50%
Padova Verona
50%
Piacenza Alessandria
0%
Genova Alessandria
0%
Rimini Arezzo
0%
Taranto Bari
0%
Udine Belluno
0%
Prato Bologna
0%
Pistoia Bologna
0%
Cremona Brescia
0%
Mantova Brescia
0%
Ragusa Catania
0%
Matera Cosenza
0%
Asti Cuneo
0%
Savona Cuneo
0%
Lucca Firenze
0%
Bologna Firenze
0%
Potenza Foggia
0%
Benevento Foggia
0%
Avellino Foggia
0%
Pisa Grosseto
0%
Pescara L'Aquila
0%
Isernia L'Aquila
0%
Sud Sardegna Nuoro
0%
Caltanissetta Palermo
0%
Agrigento Palermo
0%
Enna Palermo
0%
Trapani Palermo
0%
Reggio Emilia Parma
0%
Lodi Pavia
0%
Pesaro e Urbino Perugia
0%
Macerata Perugia
0%
Ascoli Piceno Perugia
0%
Ancona Perugia
0%
Rieti Perugia
0%
Siena Perugia
0%
Bari Potenza
0%
Latina Roma
0%
Viterbo Roma
0%
Perugia Siena
0%
Grosseto Siena
0%
Firenze Siena
0%
Lecco Sondrio
0%
Verona Trento
0%
Gorizia Udine
0%
Verbano-Cusio-Ossola Vercelli
0%
Rovigo Verona
0%
Nessun quiz corrispondente trovato
Distribuzione punteggi
Percentuale di utenti per punteggio
Percentile per numero di risposta
I tuoi punteggi nel tempo
Non hai fatto questo quiz dall'ultimo reset